000 00539nam a2200205Ia 4500
005 20240401113310.0
008 131103s9999 xx 000 0 und d
020 _a194421341
040 _aLoreto College
041 _aEnglish
082 _a420.7
_bMAL
100 _aMalamah-Thomas, Ann
245 _aClassroom interaction
_cAnn Malamah-Thomas
260 _aOxford
_bO.U.P.
_c1991
300 _avii,150p.
_b ills.
504 _aIncludes bibliography
650 _aEnglish language-study & teaching
850 _aLCBED
942 _cBK
999 _c27941
_d78420